Statistics for EVERY JetPunk User with a Featured Quiz in English

Click here to take the quiz!

General Stats

  • This quiz has been taken 47 times
  • The average score is 21 of 510

Answer Stats

#User% Correct
3Jato3
72%
136Stewart
51%
1Quizzer500
38%
122Quizzer6794
38%
234relessness
33%
35scambigol
28%
91Jerry928
26%
34kalbahamut
26%
2Pandora49
26%
29HinesBrothers
23%
114KoljiVriVoda
23%
28Gamer1162
21%
46Jiaozira
21%
1scambiandJerry
21%
163Aaron197
18%
37Gassu
18%
2NeilVedwan
15%
100WolfCam
15%
49alberici
13%
1baptistegorce
13%
11CringeDragon
13%
2Dekkie
13%
13dug28
13%
6KingEureka
13%
100kiwirage
13%
15MattPunk
13%
18nichster
13%
3overtired
13%
2Simon1006
13%
2BolyaiAnna
10%
34CBTemple
10%
5Devvik2
10%
6Geographystar
10%
7GeoPhilia
10%
1jetpunk2809
10%
37Kestrana
10%
5Lucknowite
10%
13mac212121
10%
8manchesterutd10
10%
5NINJAQKk
10%
1SaturnD
10%
2SaturnTheQuizzer
10%
1USA
10%
7burntfrost
8%
1Elboy
8%
7exotic
8%
5FlabberBapper
8%
1GamerandJerry
8%
20Geoguy
8%
9gjcsarris
8%
5GymnastPunk
8%
19IAB
8%
33joez
8%
1jp11997
8%
9LBA
8%
3Macaco
8%
1miep
8%
1mightythor
8%
3MiracleMax
8%
2Nathaniel
8%
2nichandjerry
8%
1Nilles
8%
2P3nguin
8%
1Penguinish
8%
2Quizgas
8%
19skukka
8%
2UG332
8%
3zwizdan007
8%
2100Greats
5%
2angel0703
5%
2Berney
5%
3bleumarine22
5%
2bomber184
5%
31buck1017
5%
1CarterA
5%
2ChineseChen
5%
1colmaggio
5%
5cosmokim
5%
4Cyn
5%
1Djilas
5%
2Eccljo
5%
1ElijahCaine
5%
4elijahwade
5%
1ForgingIron
5%
1Froststar101
5%
1GDC
5%
10georgekotz
5%
2hannina
5%
7Hugh2000
5%
11interopia
5%
15islabonita
5%
1Jack03Skora
5%
1Jacko77
5%
1JenkinsEar
5%
3jess1769
5%
1JohnnyYeet
5%
2johnsonncn5
5%
3JoshSamuels
5%
6JPin8497
5%
2KeithRuffles
5%
16Kvkq
5%
2lolrobbielol
5%
1MadameDegrassi
5%
2marquez100
5%
1Maryland
5%
2MattPett12
5%
3MCRJON
5%
4mo918
5%
2Mogysht
5%
1MyMindWentBlank
5%
1octopussaxophone
5%
10OskarRB
5%
1prTucuma
5%
11PSTSCCH
5%
1Pullasorsa
5%
1quizwhizz
5%
2Rachel24601
5%
6Sappa
5%
2slkrr9
5%
1SM1
5%
3SWATkun
5%
23ThirdParty
5%
3toowise
5%
1Trex821
5%
1Underneath
5%
2WhiskeyTangoFoxtrot
5%
2Xabi
5%
3zwerth66
5%
1zxcvbnm
5%
14hrue
3%
15423addy
3%
1861oats
3%
190sNostalgia
3%
1AbdulKebabdul
3%
1abewall11
3%
1ACIREMA
3%
1ackbar
3%
3AdamSutherland
3%
1aertzc
3%
1Ahawkshadow
3%
1AK7
3%
1Akubus
3%
1Akula
3%
1AleckrulesOK
3%
1AlexC99
3%
1AlfieJMD
3%
1alphallama1
3%
1Amburr
3%
1anorak16
3%
1Anthony121
3%
1applescrumper
3%
2ArgonianKing
3%
2Ascro95
3%
1AsianMangos
3%
1Ballingthe34th
3%
2BBENSoN
3%
1BeastBoy141
3%
2Beefcake
3%
1benzeller
3%
1bewins
3%
1bigbadkid
3%
1BIGHOMIE4LIFE
3%
1Billahhh
3%
1billz
3%
1binja321
3%
2BlackLab
3%
2blackrussian13
3%
1bluelion32
3%
1bobduncan37
3%
1bogomir
3%
1Bosna
3%
1brandybuck96
3%
1BrosephStalin
3%
2caiocpr1
3%
1Calce1987
3%
1CallumSCFC3
3%
1Calum
3%
1Camelback
3%
1Campioni
3%
5camus
3%
1captaincam
3%
1carawebo
3%
1catcat
3%
1cdhaptomos
3%
2Cedo
3%
2cerealkiller
3%
1ChanelNo5
3%
1chaosBEE
3%
1charlie33
3%
1chazza420
3%
1chempstead98
3%
1chichitata
3%
1Chubzorz
3%
1CitizenKahn
3%
1cjwestaus
3%
1Clare
3%
1clivey
3%
3cm134
3%
1CMJ
3%
1Colesy
3%
1colinfarris35
3%
1Connor3
3%
1coolguy6
3%
1cornflakesfu
3%
1Coyuznik
3%
1CR7isthebest
3%
2craigsnyder
3%
1Crantor
3%
3CrazyWombat
3%
1CricketLegend06
3%
1csgong2
3%
2CtG526
3%
10cuotak
3%
1Cwej
3%
1DASquarePeg
3%
1Dastan
3%
1Dave2001
3%
1davidalejc
3%
1DavidScullySport
3%
2DavonK30
3%
1deepfern
3%
1delucrist
3%
1Denzal
3%
2DerMan4
3%
1Difluzi
3%
1District4
3%
1drLuigi
3%
1dthnggg
3%
3duckling07
3%
1ducklingpanda1245
3%
2Dyl
3%
1ednelson
3%
3Elan
3%
2ElizaRome
3%
2EmoPhase
3%
1Eric
3%
4Etanna
3%
1exmalkiboy
3%
1f1freak
3%
1fikaman
3%
2Fing0lfin17
3%
2finglehorn
3%
2flipjmac
3%
2Foulfortune
3%
2fullmoon11
3%
1GainsWorldwide
3%
1Garellos
3%
1geoffers
3%
2giosp
3%
2girplease
3%
1Glitschko56
3%
1goodquizzes360
3%
4Gyrenaica
3%
2helen62442
3%
3ImDB
3%
1Jackey52
3%
3jacobszekuIa
3%
1Jakegray1983
3%
1jakek99
3%
1JakisBak
3%
4Jarl5
3%
1jehanb
3%
2JGElias
3%
4jillibean414
3%
1jkr4000
3%
1jolenao
3%
1joshidurant
3%
1JoshPen
3%
1jpg20369
3%
1JustAboutEverything
3%
1JWatson24
3%
1Kannan2000
3%
2katalina
3%
2Keltonet
3%
1Kenny123
3%
5kenpo17
3%
1KeyMaster
3%
1kybreeze
3%
1Kyle72211
3%
1lafpark12
3%
1Lauren16
3%
1LBAbeL17
3%
1LCstfc01
3%
1LeaderofAdaklya
3%
2LegendBlackKyurem
3%
1llamaboy23
3%
1llanestomas
3%
2longdays2
3%
1LtHurwitz
3%
1Lucam
3%
1Lucasaar
3%
2luckybarry
3%
1MadMen
3%
2Maibaum
3%
1MajesticSheep
3%
3Malbaby
3%
1march161
3%
1marek594
3%
1mariofan367
3%
2MarklarUK
3%
1MarsupialSeason
3%
1Marvelquizmaster
3%
1mattchoi
3%
5Matthew07
3%
1maxism
3%
4maxvenble
3%
1mburucuya
3%
1mcpf
3%
1mdle09
3%
1MelonBoy
3%
1michaelchq2
3%
1Micky2911
3%
1mikeyq6
3%
2milk
3%
1MitchellOakes
3%
1Mluster15
3%
1Modestus
3%
1morequizzes4u
3%
1MrJoeGGriffiths
3%
1MrJohsin
3%
1mrnafe
3%
1MrTones
3%
1mtthw
3%
1muffingg
3%
1nemo124578
3%
1nethinator
3%
1nevaeh
3%
1nhweston1997
3%
1nickster720
3%
1Nightracer
3%
1Nix01
3%
3nonono
3%
1nucos
3%
1olek3173
3%
1OmarVP
3%
1omygosh
3%
1OnlyJon
3%
1onorevolev
3%
1orangeflag
3%
1Palo
3%
1PandaBoss1000
3%
2PanosG31
3%
1PatTag2659
3%
1PauloMX
3%
2Pazza
3%
1peanut11
3%
2peskychocolatedevil
3%
1phaines9
3%
1Phanto1999
3%
1pierroul
3%
1pleky14
3%
1ponnuki
3%
1potatopierogi
3%
1PsychoGunnar
3%
1pupward
3%
1QueenBea
3%
1queenmaeree
3%
1Quickman
3%
2QuizBandit
3%
1Quizrush
3%
1QuizzerandJerry
3%
1Quizzology
3%
1railway14
3%
1raj123
3%
2RayH518
3%
4Raz07
3%
1RBM5
3%
1Relinquished
3%
1revtodd1
3%
1ReyFer
3%
2rg1227
3%
1Riproar
3%
1Rob0tnic
3%
1Roger77024
3%
1rose51
3%
1RPHXX
3%
2RudiOhrenstein
3%
3ruudsje
3%
1Salz
3%
1scalisti
3%
1scdsco
3%
2scorp1970
3%
1sctupurani
3%
1Seals
3%
1sealsi6
3%
1SeekerSpock1
3%
1SerbMan
3%
1Sergiu1998
3%
1Shade9099
3%
1shadow8it
3%
1shiraishi722
3%
1Shuaib
3%
1sixersfan88
3%
1Sixfootbeachgod
3%
3skiesboy
3%
1skirt6
3%
3SnipeLikeYoda
3%
1someone12
3%
3Sonko
3%
1StevieRed
3%
1Stevo44
3%
2stillnotginger3003
3%
3stoooopot
3%
3stormcrow
3%
1tengland
3%
2TerapiaDeShock
3%
1thalassemia
3%
1Thaxted
3%
3thecoolestdude2
3%
2theLAYTshow
3%
1TheRealerFamoside
3%
1TheRealXboxNerd
3%
1thetoonquiz
3%
1TheWombat
3%
1tmaster52
3%
1ToilAndTrouble
3%
2tom88
3%
1tomato
3%
1torny81
3%
1TrajanDecius
3%
1triplestar3
3%
1TRIPMITCH33
3%
1Tristian363
3%
1TShoe
3%
1turkeyboi
3%
1Tvic
3%
1Tzadqiel
3%
1UbERhAxx31
3%
1unknown2000
3%
3valdo94
3%
2varvoy
3%
1vlm64
3%
1vprincessish
3%
1wampeter57
3%
1warmachine
3%
1Webfoot
3%
1Werifesteria
3%
1Will10
3%
1willandhisafro
3%
1WindsOfGauldron
3%
2wtstoudt
3%
1XottDawyd
3%
1xXSeanCuber22Xx
3%
2XylophonicMap
3%
1yankeh
3%
1YoungSinema
3%
2Youri704
3%
1yunoe
3%
1zach12
3%
2ZacharyGeorgeNN
3%
1ZakIvantheTerrible
3%
2Zaquking
3%
2Zefyrinus
3%
1Zlake
3%
1zoedad
3%
4adrmcm
0%
3Akasnah
0%
4catlover2496
0%
4cty
0%
1Djai
0%
1DoneAndGone
0%
1Dontneedone
0%
1Dusey456
0%
1Eigengrau
0%
1Ekrousee
0%
1entertainmint3
0%
4FentonsDad
0%
1footballfan99
0%
3Geronimo7
0%
1graceoq
0%
1GrandMo
0%
1greatastic
0%
1Hannahsmommy
0%
1happygrrl
0%
1hardforgeography
0%
1HarryPotterMovies
0%
3HelveticaBold
0%
1HermanSilow
0%
3hwes
0%
1icanogar
0%
1iheargeo
0%
1imbatman1997004
0%
4inderweg
0%
1Innit
0%
1Ireland123
0%
1J060299
0%
1jafe
0%
3Jakub
0%
1JamieMitchell
0%
1JetpunkGenius
0%
1jlbrownfield1985
0%
1jootjebode
0%
1JRB
0%
1kaderschaufel
0%
1kimiki
0%
1kristian83
0%
1ktxcgirl1920
0%
1kylesan
0%
1lilig48
0%
1lkrs42
0%
4LovesPoetry
0%
1luckyluc96
0%
1magezero
0%
1magicaemmy
0%
1malgybalgy
0%
3MitchellDavid
0%
4Pinoccio
0%
4Scanners
0%
3SunsetSunrise
0%
3X2theB
0%

Score Distribution

Percentile by Number Answered

Percent of People with Each Score

Your Score History

You have not taken this quiz